| 000 | 00973nam a2200289 a 4500 | ||
|---|---|---|---|
| 001 | 000045845 | ||
| 003 | OSt | ||
| 005 | 20240412074305.0 | ||
| 007 | ta | ||
| 008 | 150519s1977 dr a r 000 p spa d | ||
| 040 |
_aDO-SdBNP _bspa _cBNPHU |
||
| 082 | 4 |
_aRD861.44 _bF363p, 1977 _222 |
|
| 100 | 1 |
_aFernández Mejía, Abel, _d1931- _925327 |
|
| 245 | 1 | 0 |
_aPiedra y tierra : _buna antología / _cAbel Fernández Mejía ; presentación Mateo Morrison. |
| 250 | _a2a. ed. | ||
| 260 |
_aSanto Domingo : _bUniversidad Autónoma de Santo Domingo, _c1977. |
||
| 300 |
_a120 p. : _bil. ; _c19 cm. |
||
| 490 | 1 | _aArte y sociedad | |
| 500 | _aIncluye datos biográficos del autor en la contracubierta | ||
| 590 | _aInventariado, 2023/MFF | ||
| 650 | 0 |
_aPoesía dominicana _966 |
|
| 650 | 0 |
_aLiteratura dominicana. _967 |
|
| 700 | 1 | 2 |
_aMorrison, Mateo, _d1947- _epres. _91469 |
| 830 | 0 |
_aArte y sociedad. _924375 |
|
| 910 | _aValidado. Control de calidad. MFF | ||
| 942 |
_2ddc _cLBS1 |
||
| 999 |
_c45334 _d45334 |
||